7-Letter Sports Teams Quiz Stats

 Plays Quiz Updated Oct 26, 2015

Challenge
Share
Tweet
Embed
Score 0/28 Timer 06:00
0 Plays Today
League Team % Correct
NFLDenver Broncos
77.4%
NFLDallas Cowboys
75.5%
NFLGreen Bay Packers
75%
NFLOakland Raiders
71.5%
MLBNew York Yankees
71.2%
MLBTexas Rangers
70%
NHLNew York Rangers
69.9%
NFLMinnesota Vikings
69.3%
NFLAtlanta Falcons
69.2%
NFLCincinnati Bengals
68.1%
NFLJacksonville Jaguars
67%
NBABoston Celtics
63.7%
MLBLos Angeles Dodgers
59.1%
NBAOklahoma City Thunder
58%
League Team % Correct
MLBPittsburgh Pirates
56.5%
NBAHouston Rockets
56%
MLBMiami Marlins
55.9%
MLBBaltimore Orioles
54.7%
NBADetroit Pistons
53.5%
MLBCleveland Indians
52.2%
MLBMilwaukee Brewers
51.2%
MLBColorado Rockies
51.1%
NBAWashington Wizards
47.9%
NBADenver Nuggets
47.2%
NBACharlotte Hornets
46.5%
NHLVancouver Canucks
46.4%
NBAToronto Raptors
45.4%
NHLArizona Coyotes
37.9%

You're not logged in!

Compare scores with friends on all Sporcle quizzes.
Join for Free
OR
Log In

You Might Also Like...

Show Comments

Extras

Top Quizzes Today


Score Distribution

Your Account Isn't Verified!

In order to create a playlist on Sporcle, you need to verify the email address you used during registration. Go to your Sporcle Settings to finish the process.

Report this User

Report this user for behavior that violates our Community Guidelines.

Details: